Statistics for Guess the soccer player #2

Click here to take the quiz!

General Stats

  • This quiz has been taken 63 times
  • The average score is 2 of 5

Answer Stats

QuestionAnswer% Correct
I have played with Thomas Muller, Ramadel Falcao and Marco Asensio. Who am I?James Rodriguez
73%
I have played with Andros Townsend, Toni Kroos and Ivan Perisic. Who am I?Luka Modric
69%
I have played with Stephan El Sharaaway, Lionel Messi and Marco Verratti. Who am I?Javier Pastore
36%
I have played with Vincent Kompany, Romelu Lukaku and Theo Walcott. Who am I?John Stones
29%
I have played with Christian Eriksen, Kevin De Bruyne and Oliver Giroud. Who am I?Nicklas Bendtner
22%

Score Distribution

Percentile by Number Answered

Percent of People with Each Score

Your Score History

You have not taken this quiz